| Tag |
First Indicator |
Second Indicator |
Subfields |
| LEADER |
00000cam a2200000 a 4500 |
| 001 |
in00002670821 |
| 005 |
20151202093603.0 |
| 008 |
100323s2010 nyu 001 0 eng |
| 020 |
|
|
|a 9780230272316 (pbk.)
|
| 020 |
|
|
|a 0230272312 (pbk.)
|
| 035 |
|
|
|a (OCoLC)ocn619082406
|
| 040 |
|
|
|a UKM
|c UKM
|d YDX
|d CDX
|d KZF
|d UtOrBLW
|
| 049 |
|
|
|a TXAM
|
| 050 |
|
4 |
|a PN171.F56
|b P43 2010
|
| 082 |
0 |
|
|a 808.027
|2 22
|
| 100 |
1 |
|
|a Pears, Richard.
|
| 245 |
1 |
0 |
|a Cite them right :
|b the essential referencing guide /
|c Richard Pears, Graham Shields.
|
| 250 |
|
|
|a 8th ed.
|
| 264 |
|
1 |
|a New York :
|b Palgrave Macmillan,
|c 2010.
|
| 300 |
|
|
|a xiv, 98 pages :
|b illustrations ;
|c 25 cm.
|
| 336 |
|
|
|a text
|b txt
|2 rdacontent
|
| 337 |
|
|
|a unmediated
|b n
|2 rdamedia
|
| 338 |
|
|
|a volume
|b nc
|2 rdacarrier
|
| 490 |
1 |
|
|a Palgrave study skills
|
| 504 |
|
|
|a Includes bibliographical references and index.
|
| 520 |
|
|
|a Covering all information sources used by students, this guide provides detailed examples of new media, such as the Internet, text messages and virtual learning environments and a comprehensive range of printed sources.
|
| 650 |
|
0 |
|a Bibliographical citations
|v Handbooks, manuals, etc.
|
| 700 |
1 |
|
|a Shields, Graham J.
|
| 830 |
|
0 |
|a Palgrave study skills.
|
| 945 |
|
|
|a PromptCat
|b 124608
|
| 946 |
|
|
|a stk
|
| 947 |
|
|
|a A14839767424
|
| 948 |
|
|
|a cataloged
|b h
|c 2010/11/9
|d c
|e dmitchel
|f 1:50:30 pm
|
| 994 |
|
|
|a 92
|b TXA
|
| 999 |
|
|
|a MARS
|
| 999 |
f |
f |
|s 010151c6-4d61-3059-8bd8-7cb26577b9ca
|i 66415051-3975-36aa-816c-fa65c72a4aee
|t 0
|
| 952 |
f |
f |
|p normal
|a Texas A&M University
|b College Station
|c Sterling C. Evans Library
|d Evans: Library Stacks
|t 0
|e PN171.F56 P43 2010
|h Library of Congress classification
|i unmediated -- volume
|m A14839767424
|
| 998 |
f |
f |
|a PN171.F56 P43 2010
|t 0
|l Evans: Library Stacks
|